[Event "1700's Anonymous - no.4"]
[Site "SchemingMind.com"]
[Date "2013.10.12"]
[Round "-"]
[White "kenneth m day"]
[Black "Clive Everill"]
[Result "0-1"]
[WhiteCountry "USA"]
[BlackCountry "CZE"]
[WhiteElo "1785"]
[WhiteRD "53"]
[BlackElo "1740"]
[BlackRD "54"]
[GameID "340011"]

1. e4 e6 2. d4 d5 3. Nd2 Be7 4. Bd3 c5 5. c3 cxd4 6. cxd4 Nc6 7. Ngf3 dxe4 8. Nxe4 Nf6 9. O-O O-O 10. Be3 Nb4
11. Nxf6+ Bxf6 12. Be4 Nd5 13. Qd2 Nxe3 14. fxe3 Rb8 15. Rac1 b6 16. Qd3 g6 17. Qa3 a5 18. Qc3 Ba6 19. Rfd1 Qe7 20. Qc7 Qb4
21. Qc3 Qa4 22. a3 Rfc8 23. Qd2 Rxc1 24. Rxc1 Rc8 25. Rxc8+ Bxc8 26. Qc3 Qe8 27. Nd2 Ba6 28. Nc4 Qb5 29. Bd3 Qg5 30. Bf1 Qf5
31. Be2 Qb1+ 32. Kf2 Qh1 33. h3 Bh4+ 34. Kf3 Qh2 35. Ke4 Qxg2+ 36. Kd3 b5 37. Ne5 b4+
0-1

[Event "1700's Anonymous - no.4"]
[Site "SchemingMind.com"]
[Date "2013.10.12"]
[Round "-"]
[White "Clive Everill"]
[Black "kenneth m day"]
[Result "1-0"]
[WhiteCountry "CZE"]
[BlackCountry "USA"]
[WhiteElo "1735"]
[WhiteRD "53"]
[BlackElo "1807"]
[BlackRD "52"]
[GameID "340012"]

1. e4 e5 2. Nc3 Nf6 3. f4 d5 4. fxe5 Nxe4 5. Qf3 Nxc3 6. bxc3 Be7 7. d4 Be6 8. Bd3 Nc6 9. Ne2 Qd7 10. O-O O-O-O
11. a4 Na5 12. Bd2 f6 13. Rab1 Nc4 14. Bxc4 Qc6 15. Bb5 Qb6 16. Bd7+ Rxd7 17. Rxb6 axb6 18. exf6 Bxf6 19. Qd3 Re7 20. Nf4 Bf7
21. Re1 Rhe8 22. Rxe7 Rxe7 23. Qf5+ Kb8 24. Nxd5 Bg6 25. Qf4 Rf7 26. Nxb6 Bxc2 27. Nd5 Bxa4 28. c4 Bb3 29. Ba5 b6 30. Nxb6 Kb7
31. Nd5 Bxc4 32. Nxf6 Rxf6 33. Qxc7+ Ka8 34. Qxc4
1-0

[Event "1700's Anonymous - no.4"]
[Site "SchemingMind.com"]
[Date "2013.10.15"]
[Round "-"]
[White "fu_manchu"]
[Black "Clive Everill"]
[Result "0-1"]
[WhiteCountry "CAN"]
[BlackCountry "CZE"]
[WhiteElo "1754"]
[WhiteRD "67"]
[BlackElo "1735"]
[BlackRD "53"]
[GameID "340145"]

1. e4 c5 2. Nf3 e6 3. d4 cxd4 4. Nxd4 a6 5. Nc3 b5 6. a3 Bb7 7. Bd3 d6 8. O-O Nf6 9. Be3 Nbd7 10. f4 Qc7
11. Nf3 Be7 12. f5 exf5 13. exf5 O-O 14. Qd2 Nc5 15. Bxc5 dxc5 16. Rae1 Bd6 17. Be4 Nxe4 18. Nxe4 Bf4 19. Qc3 c4 20. f6 g6
21. Nc5 Bxf3 22. Qxf3 Qxc5+ 23. Kh1 Be5 24. c3 Rad8
0-1

[Event "1700's Anonymous - no.4"]
[Site "SchemingMind.com"]
[Date "2013.10.14"]
[Round "-"]
[White "fu_manchu"]
[Black "kenneth m day"]
[Result "1-0"]
[WhiteCountry "CAN"]
[BlackCountry "USA"]
[WhiteElo "1782"]
[WhiteRD "68"]
[BlackElo "1764"]
[BlackRD "48"]
[GameID "340146"]

1. d4 Nf6 2. c4 e6 3. Nf3 d5 4. Nc3 c6 5. e3 Nbd7 6. Bd3 dxc4 7. Bxc4 b5 8. Be2 Bb7 9. O-O Be7 10. a3 O-O
11. e4 Rc8 12. e5 Ne8 13. Be3 f6 14. Qb3 Nc7 15. Ne4 Nd5 16. Nc5 Nxc5 17. dxc5 Nxe3 18. Qxe3 Qd5 19. exf6 Bxf6 20. Rad1 Qf5
21. Bd3 Qh5 22. Qxe6+ Kh8 23. b4 Rfe8 24. Qf5 Qxf5 25. Bxf5 Rcd8 26. Rxd8 Rxd8 27. Re1 g6 28. Bc2 Bc8 29. Ne5 Bxe5 30. Rxe5 Bf5
31. Bb3 Rd3 32. Re3 Rd2 33. h3 Rb2 34. Bf7 Bd7 35. g4 Rd2 36. Kg2 Kg7 37. Be8 Kf8 38. Bxd7 Rxd7 39. Kg3 Kf7 40. f4 Re7
41. Rxe7+ Kxe7 42. Kf3 Kf6 43. Ke4 Ke6 44. f5+ Kf6 45. fxg6 hxg6 46. h4 Kg7 47. Kf4 Kf6 48. g5+ Ke6 49. Kg4 Kf7 50. h5 gxh5+
51. Kxh5 Kg7 52. g6 a6 53. Kg5 Kg8 54. Kh6 Kh8 55. g7+ Kg8 56. Kg6 a5 57. bxa5 b4 58. a6
1-0

[Event "1700's Anonymous - no.4"]
[Site "SchemingMind.com"]
[Date "2013.10.14"]
[Round "-"]
[White "Clive Everill"]
[Black "fu_manchu"]
[Result "0-1"]
[WhiteCountry "CZE"]
[BlackCountry "CAN"]
[WhiteElo "1735"]
[WhiteRD "53"]
[BlackElo "1754"]
[BlackRD "67"]
[GameID "340147"]

1. Nf3 d5 2. d4 e6 3. c4 Nf6 4. g3 Nc6 5. Bg2 dxc4 6. Qa4 Bd7 7. Qxc4 Bd6 8. Nc3 O-O 9. O-O a6 10. Rd1 Qe7
11. e4 e5 12. d5 b5 13. Qe2 Nd4 14. Nxd4 exd4 15. Rxd4 Bc5 16. Rd1 Ng4 17. Be3 Nxe3 18. fxe3 Qg5 19. Rd3 b4 20. Nd1 Bb5
21. Rc1 Bb6 22. d6 cxd6 23. e5 Bxd3 24. Qxd3 Rad8 25. exd6 Rxd6 26. Qe2 Re8 27. Kh1 Rde6 28. Rc2 Bxe3 29. Qc4 Bb6 30. Nf2 Re1+
31. Bf1 Rxf1+ 32. Qxf1 Qd5+ 33. Kg1 a5 34. Qc1 Qf5 35. b3 h5 36. Qd2 Rd8 37. Qe2 h4 38. g4 Bxf2+ 39. Qxf2 Rd1+ 40. Kg2 Qxg4+
0-1

[Event "1700's Anonymous - no.4"]
[Site "SchemingMind.com"]
[Date "2013.10.14"]
[Round "-"]
[White "kenneth m day"]
[Black "fu_manchu"]
[Result "0-1"]
[WhiteCountry "USA"]
[BlackCountry "CAN"]
[WhiteElo "1785"]
[WhiteRD "53"]
[BlackElo "1748"]
[BlackRD "70"]
[GameID "340148"]

1. e4 c5 2. d4 cxd4 3. c3 dxc3 4. Nxc3 Nc6 5. Nf3 d6 6. Bc4 Nf6 7. e5 Ng4 8. exd6 Qxd6 9. O-O Qxd1 10. Rxd1 e6
11. Bf4 Bc5 12. Rd2 O-O 13. Ne4 Bb4 14. Rd3 e5 15. Bg3 Bf5 16. Bd5 Rad8 17. a3 Ba5 18. b4 Bb6 19. Rad1 Nd4 20. Bxb7 Ne2+
21. Kf1 Nxg3+ 22. hxg3 Rxd3 23. Rxd3 Bxe4 24. Bxe4 Nxf2 25. Nxe5 Nxe4 26. a4 f5 27. Ke2 Re8
0-1

[Event "1700's Anonymous - no.4"]
[Site "SchemingMind.com"]
[Date "2013.10.21"]
[Round "-"]
[White "simpet"]
[Black "Clive Everill"]
[Result "0-1"]
[WhiteCountry "ENG"]
[BlackCountry "CZE"]
[WhiteElo "1695"]
[WhiteRD "63"]
[BlackElo "1764"]
[BlackRD "54"]
[GameID "340500"]

1. e4 c5 2. Bc4 Nc6 3. a3 e6 4. d3 Nf6 5. Nf3 d5 6. exd5 exd5 7. Ba2 Bg4 8. O-O Be7 9. Bg5 O-O 10. Nbd2 Be6
11. Re1 h6 12. Bh4 Rc8 13. Ne5 Nxe5 14. Rxe5 Ng4 15. Bxe7 Qxe7 16. Re1 Qf6 17. f3 Qd4+
0-1

[Event "1700's Anonymous - no.4"]
[Site "SchemingMind.com"]
[Date "2013.10.21"]
[Round "-"]
[White "simpet"]
[Black "kenneth m day"]
[Result "0-1"]
[WhiteCountry "ENG"]
[BlackCountry "USA"]
[WhiteElo "1665"]
[WhiteRD "65"]
[BlackElo "1785"]
[BlackRD "53"]
[GameID "340501"]

1. e4 e5 2. Bc4 Nf6 3. Nc3 Nc6 4. Nf3 Nxe4 5. Nxe4 d5 6. Bb5 dxe4 7. Nxe5 Qd5 8. Bxc6+ bxc6 9. d4 Ba6 10. c3 Bd6
11. Bf4 O-O 12. Qg4 Bc8 13. Qg3 f6 14. Bh6 Rf7 15. f4 fxe5 16. dxe5 Bf8 17. O-O Kh8 18. Bg5 Ba6 19. Rfd1 Qe6 20. Rd8 Rxd8
21. Bxd8 Rd7 22. Bh4 Rd3 23. Qg5 Rd7 24. b3 Be7 25. Qg3 Bxh4 26. Qxh4 Bc8 27. c4 Qg6 28. g4 Rd2 29. h3 e3 30. Re1 Qd3
31. Qe7 h6 32. f5 Qd8 33. Qc5 e2 34. Kf2 Qd3 35. Qxa7 Qxh3 36. Qxc7 Bxf5 37. gxf5 Qxf5+ 38. Ke3 Rd3+ 39. Kxe2 Qf3#
0-1

[Event "1700's Anonymous - no.4"]
[Site "SchemingMind.com"]
[Date "2013.10.21"]
[Round "-"]
[White "simpet"]
[Black "fu_manchu"]
[Result "1/2-1/2"]
[WhiteCountry "ENG"]
[BlackCountry "CAN"]
[WhiteElo "1665"]
[WhiteRD "65"]
[BlackElo "1748"]
[BlackRD "70"]
[GameID "340502"]

1. e4 c5 2. Bc4 Nc6 3. a3 d6 4. Qf3 Nf6 5. Ne2 Ne5 6. Qb3 Nxc4 7. Qxc4 g6 8. Nbc3 Bg7 9. Nf4 O-O 10. d3 Bd7
11. Nfd5 Ng4 12. O-O Ne5 13. Qb3 Rb8 14. Bg5 Re8 15. f4 Nc6 16. f5 Nd4 17. Qa2 gxf5 18. exf5 Nxf5 19. Ne4 h6 20. Bd2 Be6
21. c3 Qd7 22. c4 Bxd5 23. cxd5 Nh4 24. Bc3 Qg4 25. Ng3 Bd4+ 26. Kh1 Kh7 27. Rxf7+ Kg8 28. Raf1 Rf8 29. Rxf8+ Rxf8 30. Qb1 Rf2
31. Rxf2 Bxf2 32. Qc1 Bxg3 33. hxg3 Qxg3 34. Qf1 Qg5 35. Be1 Ng6 36. Qf3 Ne5 37. Qe4 Qh5+ 38. Kg1 Ng4 39. Qxe7 Qh2+ 40. Kf1 Qh1+
41. Ke2 Qxg2+ 42. Kd1 Qxd5 43. Qe8+ Kh7 44. Qd7+ Kg6 45. Qxg4+ Qg5 46. Qxg5+ hxg5 47. Bg3 d5 48. b3 b5 49. Bf2 c4 50. dxc4 dxc4
51. bxc4 bxc4 52. Bxa7 Kf5 53. Bb6 Ke4 54. Kc2 Kd5 55. a4 Kc6 56. Bg1 g4 57. Kc3 Kb7 58. Kxc4 Ka6 59. Kb4= g3 60. a5 g2=
61. Ka4 Kb7 62. Kb5 Ka8 63. Kb6 Kb8 64. a6 Ka8 65. Kc6 Kb8 66. Kb6= Ka8 67. a7
1/2-1/2

[Event "1700's Anonymous - no.4"]
[Site "SchemingMind.com"]
[Date "2013.10.21"]
[Round "-"]
[White "Clive Everill"]
[Black "simpet"]
[Result "0-1"]
[WhiteCountry "CZE"]
[BlackCountry "ENG"]
[WhiteElo "1735"]
[WhiteRD "53"]
[BlackElo "1710"]
[BlackRD "63"]
[GameID "340503"]

1. Nf3 Nc6 2. c4 Nf6 3. d4 e6 4. a3 b6 5. Nc3 Bb7 6. e4 Be7 7. Bd3 O-O 8. Qc2 g6 9. Bh6 Re8 10. h3 d5
11. cxd5 exd5 12. e5 Nh5 13. g4 Ng7 14. O-O-O Ne6 15. h4 Ncxd4 16. Nxd4 Nxd4 17. Qa4 c5 18. Bb5 Nxb5 19. Qxb5 Bxh4 20. f4 d4
21. Rxh4 Qxh4 22. Bg5 Qxg4 23. Na4 Be4 24. Qf1 Rxe5 25. fxe5 Qxg5+ 26. Rd2 Qxe5 27. Rf2 Bf5 28. b3 Qg3 29. Rf3 Qg5+ 30. Kb2 Re8
31. Rf2 Qe3 32. Qg2 Qe4 33. Qg1 Qe1 34. Qxe1 Rxe1 35. Ka2 Bg4 36. Nb2 f5 37. Nd3 Re2+ 38. Rxe2 Bxe2 39. Nf4 d3 40. Kb2 d2
0-1

[Event "1700's Anonymous - no.4"]
[Site "SchemingMind.com"]
[Date "2013.10.22"]
[Round "-"]
[White "kenneth m day"]
[Black "simpet"]
[Result "1-0"]
[WhiteCountry "USA"]
[BlackCountry "ENG"]
[WhiteElo "1807"]
[WhiteRD "52"]
[BlackElo "1710"]
[BlackRD "63"]
[GameID "340504"]

1. e4 e5 2. f4 exf4 3. Nf3 Be7 4. Bc4 Bh4+ 5. Kf1 d6 6. d4 Nf6 7. Nc3 Ng4 8. Qe2 Nc6 9. Bxf4 Qf6 10. Be3 O-O
11. Rd1 Nxe3+ 12. Qxe3 Bg4 13. Be2 Rfe8 14. Kg1 Bxf3 15. Bxf3 Bg5 16. Qd3 Qh6 17. Nd5 Bd8 18. h4 Ne7 19. Ne3 c6 20. Ng4 Qf4
21. Rh3 f5 22. g3
1-0

[Event "1700's Anonymous - no.4"]
[Site "SchemingMind.com"]
[Date "2013.10.21"]
[Round "-"]
[White "fu_manchu"]
[Black "simpet"]
[Result "1-0"]
[WhiteCountry "CAN"]
[BlackCountry "ENG"]
[WhiteElo "1754"]
[WhiteRD "67"]
[BlackElo "1710"]
[BlackRD "63"]
[GameID "340505"]

1. d4 Nf6 2. c4 e6 3. Nf3 b6 4. Nc3 Bb7 5. Bg5 Be7 6. e3 h6 7. Bxf6 Bxf6 8. Be2 Nc6 9. O-O O-O 10. b4 Nxb4
11. e4 d6 12. Rb1 c5 13. e5 Be7 14. dxc5 dxc5 15. a3 Qxd1 16. Rbxd1 Nc2 17. Rd7 Bxf3 18. Bxf3 Rae8 19. Rxa7 Bd8 20. Nb5 Re7
21. Rxe7 Bxe7 22. a4 Rd8 23. Na7 Bg5 24. Nc6 Rd3 25. Be4 Rc3 26. Bxc2 Rxc2 27. f4 Rxc4 28. fxg5 hxg5 29. Ne7+ Kf8 30. Nc8 Rxa4
31. Nxb6 Re4 32. Rc1 c4 33. Rxc4 Rxc4 34. Nxc4 f6 35. exf6 gxf6 36. Kf2 Kf7 37. Ne3 f5 38. g3 Kf6 39. Kf3 g4+ 40. Nxg4+ fxg4+
41. Kxg4 e5 42. h4 Kg6 43. Kf3 Kf5 44. h5 Kg5 45. g4 Kf6 46. Ke4 Kg5 47. Kxe5 Kxg4 48. h6
1-0

[Event "1700's Anonymous - no.4"]
[Site "SchemingMind.com"]
[Date "2013.10.22"]
[Round "-"]
[White "David Hartley"]
[Black "Clive Everill"]
[Result "1/2-1/2"]
[WhiteCountry "ENG"]
[BlackCountry "CZE"]
[WhiteElo "1807"]
[WhiteRD "67"]
[BlackElo "1702"]
[BlackRD "52"]
[GameID "340557"]

1. d4 d5 2. c4 e5 3. dxe5 d4 4. Nf3 Nc6 5. Bf4 Nge7 6. Nbd2 Ng6 7. Bg3 a5 8. Qb1 Be6 9. b3 Bc5 10. a3 O-O
11. Qd3 Qe7 12. e3 dxe3 13. fxe3 Rfd8 14. Qc3 Bxa3 15. Be2 Bb4 16. Qb2 Qc5 17. O-O Ncxe5 18. Bf2 Ng4 19. Ne4 Qb6 20. Nd4 Nxf2
21. Rxf2 c5 22. Nxe6 Qxe6 23. Qc2 Rd7 24. Rd1 Rad8 25. Rxd7 Rxd7 26. Bd3 h6 27. Re2 Ne5 28. Nf2 Qf6 29. Bf5 Rd8 30. Be4 b6
31. Bd5 Re8 32. e4 Qg6 33. Nd3 Nf3+ 34. Kh1 Nd4 35. Qd1 Nxe2 36. Qxe2 Qf6 37. Nxb4 axb4 38. h3 Qa1+ 39. Kh2 Qe5+ 40. Kg1 Kh7
41. Qf3 f6 42. Qd1 Rd8 43. Qb1 Qd4+ 44. Kh1 g6 45. Qa2 Rd7 46. Qa8 Rg7 47. Qc6 Ra7 48. Qd6 Ra1+ 49. Kh2 Qg1+ 50. Kg3 Qe3+
51. Kh2 Qg1+=
1/2-1/2

[Event "1700's Anonymous - no.4"]
[Site "SchemingMind.com"]
[Date "2013.10.23"]
[Round "-"]
[White "David Hartley"]
[Black "kenneth m day"]
[Result "0-1"]
[WhiteCountry "ENG"]
[BlackCountry "USA"]
[WhiteElo "1807"]
[WhiteRD "67"]
[BlackElo "1764"]
[BlackRD "48"]
[GameID "340558"]

1. d4 Nf6 2. c4 e6 3. Nc3 Bb4 4. Qc2 O-O 5. a3 Bxc3+ 6. bxc3 d5 7. e3 c5 8. cxd5 cxd4 9. dxe6 Bxe6 10. cxd4 Nc6
11. Nf3 Rc8 12. Qd2 Re8 13. Be2 Ne4 14. Qb2 Rc7 15. O-O Bd5 16. Bd3 Re6 17. Re1 Rg6 18. Be2 Qf6 19. Bd2 Nd6 20. Kh1 Ne4
21. Rf1 Rg4 22. h3 Rg6 23. Qc2 Qd6 24. Rg1 Nxf2#
0-1

[Event "1700's Anonymous - no.4"]
[Site "SchemingMind.com"]
[Date "2013.10.23"]
[Round "-"]
[White "David Hartley"]
[Black "simpet"]
[Result "1-0"]
[WhiteCountry "ENG"]
[BlackCountry "ENG"]
[WhiteElo "1807"]
[WhiteRD "67"]
[BlackElo "1690"]
[BlackRD "67"]
[GameID "340559"]

1. d4 Nf6 2. c4 e6 3. Nf3 Nc6 4. Nc3 b6 5. e4 Bb7 6. Be3 Bb4 7. Bd3 Ng4 8. Bd2 Ne7 9. O-O O-O 10. a4 f5
11. exf5 Nxf5 12. Ng5 Nf6 13. d5 Nd4 14. dxe6 dxe6 15. Be3 c5 16. Bxd4 cxd4 17. Nxe6 Qd6 18. Nxf8 Rxf8 19. Na2 Bc5 20. Re1 Qf4
21. g3 Qg5 22. b3 a5 23. f3 Re8 24. Rxe8+ Nxe8 25. Qe2 Kf7 26. Rf1 Nf6 27. Rf2 g6 28. Kf1 Bc8 29. Qd2 Qh5 30. Nc1 Bh3+
31. Kg1 Bd6 32. Ne2 Be5 33. Nf4 Bxf4 34. Qxf4 Qc5 35. Qd2 Qa3 36. Qd1 Nd7 37. Bc2 Qc5 38. Re2 Nf6 39. Bd3 Qg5 40. Qe1 Kg7
41. Re5 Qh6 42. Re7+ Kf8 43. Rb7 Nd7 44. g4 Qg5 45. Rxd7 Bxg4 46. Rd5 Bf5+ 47. Kh1 Qf4 48. Bxf5
1-0

[Event "1700's Anonymous - no.4"]
[Site "SchemingMind.com"]
[Date "2013.10.23"]
[Round "-"]
[White "David Hartley"]
[Black "fu_manchu"]
[Result "0-1"]
[WhiteCountry "ENG"]
[BlackCountry "CAN"]
[WhiteElo "1807"]
[WhiteRD "67"]
[BlackElo "1782"]
[BlackRD "68"]
[GameID "340560"]

1. d4 f5 2. g3 Nf6 3. Bg2 g6 4. Nf3 Bg7 5. O-O O-O 6. c4 d6 7. Nc3 c5 8. e3 Nbd7 9. Bd2 e5 10. d5 Rb8
11. a4 e4 12. Ng5 Ne5 13. b3 Nd3 14. f3 exf3 15. Nxf3 Ne4 16. Nxe4 fxe4 17. Nh4 Bxa1 18. Qxa1 Rxf1+ 19. Bxf1 Qf8 20. Bxd3 exd3
21. Qc3 Bh3 22. Qxd3 Qe7 23. e4 Rf8 24. Nf3 Qf6 25. Bf4 Qa1+ 26. Kf2 Qh1 27. Ke3 Bg4 28. Qe2 g5 29. Bxd6 Rxf3+ 30. Kd2 Rxb3
0-1

[Event "1700's Anonymous - no.4"]
[Site "SchemingMind.com"]
[Date "2013.10.22"]
[Round "-"]
[White "Clive Everill"]
[Black "David Hartley"]
[Result "1-0"]
[WhiteCountry "CZE"]
[BlackCountry "ENG"]
[WhiteElo "1740"]
[WhiteRD "54"]
[BlackElo "1786"]
[BlackRD "68"]
[GameID "340561"]

1. e4 e5 2. Nc3 Nf6 3. f4 d5 4. fxe5 Nxe4 5. Qf3 f5 6. d3 Nxc3 7. bxc3 d4 8. Qg3 Nc6 9. Be2 Be6 10. Bd2 g6
11. Nf3 Bc5 12. c4 Bb4 13. O-O Qe7 14. Rfb1 O-O-O 15. Bg5 Qd7 16. Bxd8 Rxd8 17. a3 Bc3 18. Ra2 Qg7 19. Bd1 Re8 20. Rb5 a6
21. Rb1 Bd7 22. Ng5 Rxe5 23. Bf3 Ne7 24. Bxb7+ Kd8 25. Nf7+ Qxf7 26. Qxe5 a5 27. Bd5 Nxd5 28. cxd5 Bc6 29. Rb8+ Kd7 30. dxc6+ Kxc6
31. Qb5+
1-0

[Event "1700's Anonymous - no.4"]
[Site "SchemingMind.com"]
[Date "2013.10.23"]
[Round "-"]
[White "kenneth m day"]
[Black "David Hartley"]
[Result "0-1"]
[WhiteCountry "USA"]
[BlackCountry "ENG"]
[WhiteElo "1756"]
[WhiteRD "49"]
[BlackElo "1815"]
[BlackRD "67"]
[GameID "340562"]

1. e4 e5 2. f4 d5 3. exd5 e4 4. d3 Nf6 5. dxe4 Nxe4 6. Nf3 c6 7. Bd3 Bf5 8. O-O cxd5 9. Nc3 Bc5+ 10. Kh1 O-O
11. Nxe4 dxe4 12. Nh4 Qxh4 13. Be2 Qd8 14. Bd2 Qc8 15. Qe1 Nc6 16. Bc3 Nd4 17. Bd1 Re8 18. Bxd4 Bxd4 19. c3 Bb6 20. Be2 e3
21. Rd1 Qe6 22. b3 Rad8 23. Rxd8 Rxd8 24. Qg3 Rd2 25. Bf3 Be4 26. Re1 Bd3 27. f5 Bxf5 28. Qb8+ Qc8 29. Qe5 Bd3 30. Bxb7 Qd8
31. h3 Rxa2 32. Bd5 Rf2 33. Rd1 e2
0-1

[Event "1700's Anonymous - no.4"]
[Site "SchemingMind.com"]
[Date "2013.10.23"]
[Round "-"]
[White "simpet"]
[Black "David Hartley"]
[Result "0-1"]
[WhiteCountry "ENG"]
[BlackCountry "ENG"]
[WhiteElo "1665"]
[WhiteRD "65"]
[BlackElo "1786"]
[BlackRD "68"]
[GameID "340563"]

1. e4 e5 2. Bc4 Bc5 3. Qf3 Nf6 4. Ne2 Nc6 5. c3 d6 6. h3 a6 7. a4 O-O 8. O-O Re8 9. Ng3 Be6 10. Bxe6 Rxe6
11. Nf5 Ne7 12. b4 Ba7 13. d3 Nxf5 14. Qxf5 Ne8 15. Bg5 Qc8 16. Nd2 Rg6 17. Qxc8 Rxc8 18. Nf3 c6 19. Rae1 Bb6 20. Be3 Bxe3
21. Rxe3 Re6 22. Ng5 Re7 23. Rg3 f6 24. Nf3 Rd8 25. Nd2 d5 26. exd5 Rxd5 27. Nc4 b5 28. axb5 axb5 29. Nb2 Nc7 30. Rd1 Ne6
31. c4 Rd4 32. Kf1 Nf4 33. Rg4 Red7 34. Rg3 bxc4 35. Nxc4 Rxc4 36. Ke1 Rxb4
0-1

[Event "1700's Anonymous - no.4"]
[Site "SchemingMind.com"]
[Date "2013.10.23"]
[Round "-"]
[White "fu_manchu"]
[Black "David Hartley"]
[Result "0-1"]
[WhiteCountry "CAN"]
[BlackCountry "ENG"]
[WhiteElo "1782"]
[WhiteRD "68"]
[BlackElo "1807"]
[BlackRD "67"]
[GameID "340564"]

1. e4 e5 2. Nf3 Nc6 3. Bb5 a6 4. Ba4 Nf6 5. O-O Be7 6. Re1 b5 7. Bb3 d6 8. c3 O-O 9. d4 Bg4 10. d5 Na5
11. Bc2 c6 12. dxc6 Nxc6 13. Nbd2 Rc8 14. b4 Qc7 15. Bb3 Nd8 16. Bb2 Be6 17. Rc1 Qd7 18. c4 h6 19. Bxe5 dxe5 20. Nxe5 Qb7
21. c5 Bxb3 22. Qxb3 Nc6 23. Ng6 Rfe8 24. e5 Nh7 25. Nf3 Nf8 26. Nxe7+ Rxe7 27. Rcd1 Rd8 28. Rxd8 Nxd8 29. Nd4 Nc6 30. Qf3 Nxd4
0-1

[Event "1700's Anonymous - no.4"]
[Site "SchemingMind.com"]
[Date "2013.10.29"]
[Round "-"]
[White "emvarela"]
[Black "David Hartley"]
[Result "0-1"]
[WhiteCountry "ARG"]
[BlackCountry "ENG"]
[WhiteElo "1674"]
[WhiteRD "46"]
[BlackElo "1819"]
[BlackRD "70"]
[GameID "340649"]

1. e4 e5 2. Nf3 Nc6 3. Bb5 a6 4. Bxc6 dxc6 5. O-O Qd6 6. Na3 Be6 7. d4 O-O-O 8. c3 exd4 9. Qxd4 Qxd4 10. cxd4 Bxa3
11. bxa3 f6 12. Be3 Ne7 13. Rfd1 Rd7 14. Rd2 Ng6 15. Rad1 Rhd8 16. e5 fxe5 17. dxe5 Rxd2 18. Rxd2 Rxd2 19. Bxd2 Bxa2 20. Bc3 Nf8
21. Nd4 Kd7 22. f4 Ne6 23. Nxe6 Kxe6 24. Kf2 Bb1 25. g4 g6 26. Ke3 c5 27. h4 b5 28. h5 Kd5 29. hxg6 hxg6 30. Ba5 c6
31. g5 Bf5 32. Bb6 Kc4 33. Ba7 b4 34. axb4 cxb4 35. Bd4 c5 36. Ba1 Kb3
0-1

[Event "1700's Anonymous - no.4"]
[Site "SchemingMind.com"]
[Date "2013.10.29"]
[Round "-"]
[White "emvarela"]
[Black "Clive Everill"]
[Result "1-0"]
[WhiteCountry "ARG"]
[BlackCountry "CZE"]
[WhiteElo "1732"]
[WhiteRD "45"]
[BlackElo "1674"]
[BlackRD "55"]
[GameID "340650"]

1. e4 c5 2. Nf3 d6 3. d4 cxd4 4. Nxd4 Nf6 5. Nc3 Bd7 6. Be2 e6 7. O-O Be7 8. f4 Nc6 9. Be3 Nxd4 10. Bxd4 Bc6
11. Bf3 O-O 12. e5 Ne8 13. Bxc6 bxc6 14. Qf3 c5 15. exd6 Bxd6 16. Be5 Bxe5 17. fxe5 Nc7 18. Rad1 Qb8 19. Rd7 f5 20. exf6 Rxf6
21. Qg3 Rxf1+ 22. Kxf1 Qf8+ 23. Kg1 Ne8 24. Qe5 Qf6 25. Qxc5 Qh4 26. Qe5 Qf6 27. Qxf6 Nxf6 28. Re7 Rb8 29. Na4 a5 30. Rxe6 Rb4
31. b3 Rd4 32. Re5 Rd1+ 33. Kf2 Rd2+ 34. Re2 Ng4+ 35. Ke1 Rd5 36. h3 Nf6 37. c4 Rh5 38. Nb6 Kf7 39. a3 Ne8 40. Nd5 Nd6
41. Re7+ Kf8 42. Ra7 Re5+ 43. Kf1 Ne4 44. Rxa5 Nd2+ 45. Kf2 Nxb3 46. Ra8+ Kf7 47. Ra7+ Ke6 48. Rxg7 Rf5+ 49. Kg3 h5 50. Kh4 Nc5
51. Rg5 Rf1 52. Rxh5 Ne4 53. g4 Rh1 54. Nf4+ Kd6 55. Rd5+ Kc6 56. g5 Nd6 57. g6 Ne8 58. Rg5 Ng7 59. a4 Rc1 60. c5 Rc4
61. Kg4 Rxa4 62. h4 Ne6 63. Rf5 Ng7 64. Rf7 Ne6 65. Rf6 Kxc5 66. Rxe6 Ra7 67. h5 Ra1 68. Kg5 Rg1+ 69. Kh6 Rf1 70. g7
1-0

[Event "1700's Anonymous - no.4"]
[Site "SchemingMind.com"]
[Date "2013.10.29"]
[Round "-"]
[White "emvarela"]
[Black "kenneth m day"]
[Result "1/2-1/2"]
[WhiteCountry "ARG"]
[BlackCountry "USA"]
[WhiteElo "1683"]
[WhiteRD "48"]
[BlackElo "1756"]
[BlackRD "49"]
[GameID "340651"]

1. e4 e5 2. Nf3 Nc6 3. d4 exd4 4. c3 d5 5. exd5 Qxd5 6. cxd4 Bg4 7. Nc3 Bb4 8. a3 Bxc3+ 9. bxc3 Nge7 10. Be2 O-O
11. O-O Rfe8 12. Bf4 Qd7 13. Ne5 Nxe5 14. Bxe5 Bxe2 15. Qxe2 Nd5 16. c4 Nf4 17. Qf3 Ng6 18. Qxb7 f6 19. Bg3 Qxd4 20. Qd5+ Qxd5
21. cxd5 Red8 22. Rfd1 Rac8 23. Rac1 c6 24. h3 cxd5 25. Rxc8 Rxc8 26. Rxd5 Rc1+ 27. Kh2 Ra1 28. Ra5 Ne5 29. Bxe5 fxe5 30. Rxa7 Ra2
31. a4 Rxf2 32. a5 e4 33. a6 e3 34. Re7 Ra2 35. a7 e2 36. Rxe2 Rxa7=
1/2-1/2

[Event "1700's Anonymous - no.4"]
[Site "SchemingMind.com"]
[Date "2013.10.29"]
[Round "-"]
[White "emvarela"]
[Black "simpet"]
[Result "1/2-1/2"]
[WhiteCountry "ARG"]
[BlackCountry "ENG"]
[WhiteElo "1720"]
[WhiteRD "50"]
[BlackElo "1690"]
[BlackRD "67"]
[GameID "340652"]

1. e4 e5 2. Nf3 Nc6 3. Bb5 Bc5 4. c3 Nge7 5. O-O a6 6. Bxc6 Nxc6 7. d4 exd4 8. cxd4 Ba7 9. Be3 d6 10. Nc3 Bg4
11. h3 Bh5 12. g4 Bg6 13. Qd2 Qf6 14. Nh2 Bxd4 15. Nd5 Qd8 16. Bxd4 O-O 17. f4 Bxe4 18. Nc3 d5 19. Nxe4 dxe4 20. Rfd1 Qh4
21. Qg2 f5 22. gxf5 Nxd4 23. Rxd4 Qxf4 24. Rxe4 Qxf5 25. Rf1 Qc5+ 26. Kh1 Rxf1+ 27. Nxf1 Rf8 28. Rg4 g6 29. Rxg6+ hxg6 30. Qxg6+ Kh8
31. Qh6+ Kg8=
1/2-1/2

[Event "1700's Anonymous - no.4"]
[Site "SchemingMind.com"]
[Date "2013.10.29"]
[Round "-"]
[White "emvarela"]
[Black "fu_manchu"]
[Result "0-1"]
[WhiteCountry "ARG"]
[BlackCountry "CAN"]
[WhiteElo "1720"]
[WhiteRD "50"]
[BlackElo "1782"]
[BlackRD "68"]
[GameID "340653"]

1. e4 c5 2. Nf3 Nc6 3. d4 cxd4 4. Nxd4 Nf6 5. Nc3 e5 6. Nxc6 bxc6 7. Bg5 Be7 8. Bxf6 Bxf6 9. Bc4 O-O 10. O-O Qc7
11. Qf3 Rb8 12. b3 Bb7 13. Rad1 Be7 14. Rd3 Rbd8 15. Rfd1 Bb4 16. Ne2 d5 17. exd5 cxd5 18. Rxd5 Bxd5 19. Bxd5 Qxc2 20. Ng3 Ba5
21. Bxf7+ Rxf7 22. Rxd8+ Bxd8
0-1

[Event "1700's Anonymous - no.4"]
[Site "SchemingMind.com"]
[Date "2013.10.29"]
[Round "-"]
[White "David Hartley"]
[Black "emvarela"]
[Result "1-0"]
[WhiteCountry "ENG"]
[BlackCountry "ARG"]
[WhiteElo "1815"]
[WhiteRD "67"]
[BlackElo "1683"]
[BlackRD "48"]
[GameID "340654"]

1. d4 Nf6 2. c4 e6 3. Nc3 Bb4 4. e3 O-O 5. Bd3 d5 6. Nf3 c5 7. O-O Nc6 8. a3 Bxc3 9. bxc3 dxc4 10. Bxc4 cxd4
11. cxd4 Nd5 12. Bb2 Bd7 13. Qe2 a6 14. Rfd1 b5 15. Bd3 Rc8 16. Rac1 Nce7 17. Rc2 Rxc2 18. Bxc2 Qb6 19. Rc1 Rc8 20. Qd3 Nc6
21. Qxh7+ Kf8 22. Qh8+ Ke7 23. Qxg7 Nd8 24. Bg6 Rxc1+ 25. Bxc1 Qc6 26. Bd2 Qc4 27. e4 Nc7 28. e5
1-0

[Event "1700's Anonymous - no.4"]
[Site "SchemingMind.com"]
[Date "2013.10.29"]
[Round "-"]
[White "Clive Everill"]
[Black "emvarela"]
[Result "0-1"]
[WhiteCountry "CZE"]
[BlackCountry "ARG"]
[WhiteElo "1689"]
[WhiteRD "56"]
[BlackElo "1683"]
[BlackRD "48"]
[GameID "340655"]

1. Nf3 Nf6 2. d4 e6 3. c4 d5 4. g3 Bb4+ 5. Nbd2 dxc4 6. Qc2 b5 7. a4 c6 8. Bg2 Qb6 9. O-O Bxd2 10. Bxd2 O-O
11. axb5 cxb5 12. Ba5 Qd6 13. Rfd1 Nc6 14. e3 Nxa5 15. Ng5 Bb7 16. Bxb7 Nxb7 17. e4 Qe7 18. e5 g6 19. exf6 Qxf6 20. h4 Nd6
21. Kg2 h6 22. Nf3 Qf5 23. Qe2 Qe4 24. Qd2 Rfd8 25. Re1 Qd5 26. Qxh6 Nf5 27. Qg5 Nxd4 28. Qxd5 Rxd5 29. Nxd4 Rxd4 30. Re2 a5
31. Re5 Rd5 32. Re2 b4 33. Rc2 Rc8 34. Rac1 Rdc5 35. f3 c3 36. bxc3 Rxc3 37. Rxc3 Rxc3 38. Ra1 Ra3 39. Rc1 b3 40. Kh3 b2
41. Rc8+ Kg7 42. Rb8 Ra2 43. Kg4 Ra4+ 44. Kh3 Rb4
0-1